[Event "Recife Pernambuco-ch"]
[Site "Recife"]
[Date "2014.12.13"]
[Round "8"]
[White "De Andrade, Dalson Holanda Cav"]
[Black "Pimentel, Carlos Eduardo Da S"]
[Result "1-0"]
[WhiteElo "1980"]
[BlackElo "1792"]
[PlyCount "103"]
[EventDate "2014.12.05"]
[EventType "tourn"]
[EventRounds "9"]
[EventCountry "BRA"]
[SourceTitle "EXT 2016"]
[Source "ChessBase"]
[SourceDate "2015.10.08"]
[SourceVersion "1"]
[SourceVersionDate "2015.10.08"]
[SourceQuality "1"]

1. d4 c6 2. c4 d5 3. Nc3 e6 4. Nf3 Bd6 5. Qc2 Nd7 6. e3 Ngf6 7. cxd5 exd5 8. Bd3 0-0 9. 0-0 Re8 10. Re1 Nf8 11. h3 Be6 12. Ng5 Qc7 13. e4 dxe4 14. Ncxe4 Nxe4 15. Bxe4 g6 16. Bd2 Rad8 17. Nf3 Bf4 18. Bc3 Bd5 19. Bxd5 cxd5 20. Qa4 Rxe1+ 21. Rxe1 b6 22. Ne5 Ne6 23. Qd1 a5 24. Qg4 Bxe5 25. Rxe5 Qd7 26. Bd2 Nc7 27. Qe2 Re8 28. Bh6 f6 29. Re3 Rxe3 30. Bxe3 b5 31. Qc2 a4 32. Qc5 Ne6 33. Qb6 g5 34. Qb8+ Kg7 35. f4 h6 36. fxg5 hxg5 37. Qg3 Kg6 38. h4 Qe7 39. hxg5 fxg5 40. Qe5 Qd7 41. g4 Nf4 42. Bxf4 Qxg4+ 43. Bg3 Qd1+ 44. Be1 Qf3 45. Qe6+ Kh7 46. Bf2 g4 47. Qe7+ Kg6 48. Qe8+ Kh7 49. Qxb5 g3 50. Qd7+ Kg6 51. Qd6+ Kf5 52. Qf8+ 1-0

[Event "Recife Pernambuco-ch"]
[Site "Recife"]
[Date "2014.12.06"]
[Round "3"]
[White "Souza, Rafael Cabral de"]
[Black "Pimentel, Carlos Eduardo Da S"]
[Result "1-0"]
[WhiteElo "2132"]
[BlackElo "1792"]
[PlyCount "41"]
[EventDate "2014.12.05"]
[EventType "tourn"]
[EventRounds "9"]
[EventCountry "BRA"]
[SourceTitle "EXT 2016"]
[Source "ChessBase"]
[SourceDate "2015.10.08"]
[SourceVersion "1"]
[SourceVersionDate "2015.10.08"]
[SourceQuality "1"]

1. e4 c6 2. d4 d5 3. e5 Bf5 4. Nc3 e6 5. g4 Bg6 6. Nge2 c5 7. h4 h6 8. Be3 cxd4 9. Nxd4 a6 10. f4 Qc8 11. f5 Bh7 12. fxe6 fxe6 13. Bd3 Bxd3 14. Qxd3 Ne7 15. Na4 Nbc6 16. Nb6 Nxe5 17. Qe2 Qb8 18. Bf4 Nd3+ 19. Qxd3 Qxf4 20. Nxa8 Qe5+ 21. Kd1 1-0

[Event "Recife Arraes Memorial 6th"]
[Site "Recife"]
[Date "2013.06.09"]
[Round "6"]
[White "Camara, Jose Arruda"]
[Black "Pimentel, Carlos Eduardo Da S"]
[Result "1-0"]
[WhiteElo "1915"]
[BlackElo "1795"]
[PlyCount "49"]
[EventDate "2013.06.06"]
[EventType "swiss"]
[EventRounds "7"]
[EventCountry "BRA"]
[SourceTitle "EXT 2014"]
[Source "ChessBase"]
[SourceDate "2013.11.20"]
[SourceVersion "1"]
[SourceVersionDate "2013.11.20"]
[SourceQuality "1"]

1. e4 c6 2. d4 d5 3. f3 a6 4. c3 g6 5. Bd3 Bg7 6. Ne2 dxe4 7. fxe4 Bg4 8. h3 Bc8 9. 0-0 e5 10. Bc4 Be6 11. d5 cxd5 12. exd5 Bc8 13. Be3 f6 14. Na3 Nh6 15. Nc2 Nf5 16. Bf2 b5 17. Bb3 Nd6 18. a4 Bb7 19. axb5 axb5 20. Rxa8 Bxa8 21. Qa1 Bb7 22. Qa7 0-0 23. Bb6 Qd7 24. Bc5 Qc7 25. Bxd6 1-0

[Event "Recife Arraes Memorial 6th"]
[Site "Recife"]
[Date "2013.06.08"]
[Round "5"]
[White "Pimentel, Carlos Eduardo Da S"]
[Black "Baltar, Petrov Ferreira"]
[Result "1-0"]
[WhiteElo "1795"]
[BlackElo "1821"]
[PlyCount "103"]
[EventDate "2013.06.06"]
[EventType "swiss"]
[EventRounds "7"]
[EventCountry "BRA"]
[SourceTitle "EXT 2014"]
[Source "ChessBase"]
[SourceDate "2013.11.20"]
[SourceVersion "1"]
[SourceVersionDate "2013.11.20"]
[SourceQuality "1"]

1. c4 Nf6 2. Nc3 d5 3. cxd5 Nxd5 4. Nf3 Nc6 5. e4 Nxc3 6. bxc3 Bg4 7. d4 e6 8. Be2 Be7 9. 0-0 0-0 10. Re1 a6 11. Be3 Na5 12. Nd2 Bxe2 13. Qxe2 b5 14. Rab1 c6 15. f4 Qd7 16. Rf1 f5 17. Rf3 Bd8 18. Rh3 g6 19. Bf2 Bc7 20. e5 Qd5 21. Nf3 Bd8 22. Bh4 Bxh4 23. Rxh4 Kg7 24. Ng5 h6 25. Nh3 Qd8 26. Qf2 Nc4 27. Rd1 a5 28. Rd3 b4 29. Rxh6 Kxh6 30. Ng5 Qxg5 31. fxg5+ Kg7 32. cxb4 axb4 33. Qc2 Na5 34. Qc5 Rf7 35. Qxb4 Rb7 36. Qe1 Nc4 37. Rb3 Rba7 38. Qc1 Na5 39. Rb2 Rd7 40. Rd2 Rd5 41. Qc3 Rad8 42. h3 Rh8 43. Qb4 Kf7 44. Qb6 Rhd8 45. Rc2 R8d7 46. a4 Rb7 47. Qa6 Rbd7 48. Kh2 Ke7 49. Rf2 Rb7 50. Rf4 Kf7 51. Rh4 Kg7 52. Qa8 1-0

[Event "Recife Arraes Memorial 6th"]
[Site "Recife"]
[Date "2013.06.07"]
[Round "3"]
[White "Almeida, Carlos Bruno Gomes"]
[Black "Pimentel, Carlos Eduardo Da S"]
[Result "1-0"]
[WhiteElo "1913"]
[BlackElo "1795"]
[PlyCount "59"]
[EventDate "2013.06.06"]
[EventType "swiss"]
[EventRounds "7"]
[EventCountry "BRA"]
[SourceTitle "EXT 2014"]
[Source "ChessBase"]
[SourceDate "2013.11.20"]
[SourceVersion "1"]
[SourceVersionDate "2013.11.20"]
[SourceQuality "1"]

1. e4 c6 2. d4 d5 3. exd5 cxd5 4. c4 Nf6 5. Nc3 Nc6 6. Bg5 h6 7. Bxf6 exf6 8. cxd5 Nb8 9. Nf3 Bd6 10. Bb5+ Bd7 11. 0-0 0-0 12. Bd3 a6 13. h3 Bc8 14. Re1 Nd7 15. a4 Bb4 16. Qb3 Qa5 17. Rac1 Rd8 18. Bb1 Nb6 19. Re3 Bd7 20. Qc2 g6 21. Nh4 Bf8 22. Rg3 f5 23. Nxf5 Bxf5 24. Qxf5 Bg7 25. Qf3 Nxd5 26. Ba2 Nxc3 27. Qxf7+ Kh8 28. Rxg6 Ne2+ 29. Kh2 Rg8 30. Rc7 1-0